Counterfeit gods : (Record no. 20784)
[ view plain ]
| 000 -LEADER | |
|---|---|
| fixed length control field | 01448cam a2200325 a 4500 |
| 001 - CONTROL NUMBER | |
| control field | 15818720 |
| 003 - CONTROL NUMBER IDENTIFIER | |
| control field | OSt |
| 005 - DATE AND TIME OF LATEST TRANSACTION | |
| control field | 20251128141629.0 |
| 008 - FIXED-LENGTH DATA ELEMENTS--GENERAL INFORMATION | |
| fixed length control field | 090715s2009 nyu 000 0 eng |
| 010 ## - LIBRARY OF CONGRESS CONTROL NUMBER | |
| LC control number | 2009028142 |
| 020 ## - INTERNATIONAL STANDARD BOOK NUMBER | |
| International Standard Book Number | 9780525951360 |
| 035 ## - SYSTEM CONTROL NUMBER | |
| System control number | 15818720 |
| 040 ## - CATALOGING SOURCE | |
| Original cataloging agency | DLC |
| Language of cataloging | eng |
| Transcribing agency | DLC |
| Modifying agency | DLC |
| 050 00 - LIBRARY OF CONGRESS CALL NUMBER | |
| Classification number | BV4627.I34 |
| Item number | K45 2009 |
| 082 00 - DEWEY DECIMAL CLASSIFICATION NUMBER | |
| Classification number | 241/.3 |
| Edition number | 22 |
| 100 1# - MAIN ENTRY--PERSONAL NAME | |
| Personal name | Keller, Timothy, |
| Dates associated with a name | 1950-2023. |
| 245 10 - TITLE STATEMENT | |
| Title | Counterfeit gods : |
| Remainder of title | the empty promises of money, sex, and power, and the only hope that matters / |
| Statement of responsibility, etc. | Timothy Keller. |
| 260 ## - PUBLICATION, DISTRIBUTION, ETC. (IMPRINT) | |
| Place of publication, distribution, etc. | New York : |
| Name of publisher, distributor, etc. | Dutton, |
| Date of publication, distribution, etc. | c2009. |
| 300 ## - PHYSICAL DESCRIPTION | |
| Extent | xxiv, 210 p. ; |
| Dimensions | 20 cm. |
| 336 ## - CONTENT TYPE | |
| Content type term | text |
| Content type code | txt |
| Source | rdacontent |
| 337 ## - MEDIA TYPE | |
| Media type term | unmediated |
| Media type code | n |
| Source | rdamedia |
| 338 ## - CARRIER TYPE | |
| Carrier type term | volume |
| Carrier type code | nc |
| Source | rdacarrier |
| 505 0# - FORMATTED CONTENTS NOTE | |
| Formatted contents note | The idol factory -- All you've ever wanted -- Love is not all you need -- Money changes everything -- The seduction of success -- The power and the glory -- The hidden idols in our lives -- The end of counterfeit gods -- Finding and replacing your idols. |
| 650 #0 - SUBJECT ADDED ENTRY--TOPICAL TERM | |
| Topical term or geographic name as entry element | Idolatry. |
| 650 #0 - SUBJECT ADDED ENTRY--TOPICAL TERM | |
| Topical term or geographic name as entry element | Christian life |
| General subdivision | Presbyterian authors. |
| 906 ## - LOCAL DATA ELEMENT F, LDF (RLIN) | |
| a | 7 |
| b | cbc |
| c | orignew |
| d | 1 |
| e | ecip |
| f | 20 |
| g | y-gencatlg |
| 942 ## - ADDED ENTRY ELEMENTS (KOHA) | |
| Source of classification or shelving scheme | Library of Congress Classification |
| Koha item type | General Collection |
| Withdrawn status | Lost status | Source of classification or shelving scheme | Not for loan | Home library | Current library | Shelving location | Date acquired | Source of acquisition | Inventory number | Total Checkouts | Full call number | Barcode | Date last seen | Copy number | Price effective from | Koha item type |
|---|---|---|---|---|---|---|---|---|---|---|---|---|---|---|---|---|
| Library of Congress Classification | Kabarak, Main Campus | Kabarak, Main Campus | General Stacks | 28/11/2025 | Donation | 2025/3596 | BV4627.I34 K45 2009 C.1 | 39886 | 28/11/2025 | C.1 | 28/11/2025 | General Collection | ||||
| Library of Congress Classification | Kabarak, Main Campus | Kabarak, Main Campus | General Stacks | 28/11/2025 | Donation | 2025/2788 | BV4627.I34 K45 2009 C.2 | 39344 | 17/03/2026 | C.2 | 28/11/2025 | General Collection |